|
|
|
|
| LEADER |
00000nam0a2200000 4500 |
| 001 |
38742 |
| 005 |
20231031010511.0 |
| 010 |
|
|
|a 5209003914
|
| 035 |
|
|
|a (RuTPU)RU\TPU\book\39550
|
| 090 |
|
|
|a 38742
|
| 100 |
|
|
|a 20020315d1991 m y0rusy50 ca
|
| 101 |
0 |
|
|a rus
|
| 102 |
|
|
|a RU
|
| 105 |
|
|
|a a j 000zy
|
| 200 |
1 |
|
|a Персональный компьютер: диалог и программные средства
|e учебное пособие
|f В. М. Матюшок, С. Т. Усачев, И. Л. Афанасьев и др.
|
| 210 |
|
|
|a Москва
|c Изд-во Университета дружбы народов
|d 1991
|
| 215 |
|
|
|a 312 с.
|c ил.
|
| 300 |
|
|
|a Авторы указаны на обороте титульного листа.
|
| 610 |
1 |
|
|a информатика
|
| 610 |
1 |
|
|a персональные компьютеры
|
| 610 |
1 |
|
|a аппаратные средства
|
| 610 |
1 |
|
|a операционные системы
|
| 610 |
1 |
|
|a СУБД
|
| 610 |
1 |
|
|a языки программирования
|
| 610 |
1 |
|
|a Бейсик
|
| 610 |
1 |
|
|a Турбо Паскаль
|
| 610 |
1 |
|
|a графические средства
|
| 610 |
1 |
|
|a учебные пособия
|
| 675 |
|
|
|a 681.3-181.4(07)
|v 3
|
| 701 |
|
1 |
|a Матюшок
|b В. М.
|
| 701 |
|
1 |
|a Усачев
|b С. Т.
|
| 701 |
|
1 |
|a Афанасьев
|b И. Л.
|
| 701 |
|
1 |
|a Дихтяр
|b В. И.
|
| 701 |
|
1 |
|a Герман
|b А. А.
|
| 701 |
|
1 |
|a Ермоленко
|b А. В.
|
| 701 |
|
1 |
|a Михеев
|b А. С.
|
| 801 |
|
1 |
|a RU
|b 63413507
|c 20020315
|g PSBO
|
| 801 |
|
2 |
|a RU
|b 63413507
|c 20170124
|g PSBO
|
| 942 |
|
|
|c BK
|